000 00653nam a2200277Ia 4500
005 20260324135938.0
008 008 260324s9999 xx 000 0 eng d
020 _a9780429079955
037 _aEBOOK
040 _aCRL
040 _beng
040 _cCRL
041 _2eng
041 _aeng
084 _qCRL
100 _aA C Perkins; M. Frier
_91202530
245 0 _aNuclear Medicine in Pharmaceutical Research
260 _bTaylor and Francis
260 _c1999
365 _a
365 _b465
856 _uhttp://www.taylorfrancis.com/books/9780429079955
942 _cEBOOK
999 _c1804095
_d1804095